| 000 | 00750nam a22002292 4500 | ||
|---|---|---|---|
| 001 | 0000021604 | ||
| 005 | 20151021151143.0 | ||
| 008 | 120829s xx 000 0 eng d | ||
| 020 | _a0072263657 : | ||
| 040 |
_aKABU _cKABU |
||
| 100 | 1 |
_aRuest, Danielle. _@0000182553 |
|
| 245 | 1 | 0 |
_aMicrosoft windows server 2008 : _bthe complete reference / _cDanielle Ruest, Nelson Ruest. |
| 250 | _a1st ed. | ||
| 260 |
_aNew York : _bMcGraw- Hill, _c2008. |
||
| 300 | _axxxiv, 826 p. | ||
| 650 | 0 |
_aMicrosoft windows server. _@0000182554 |
|
| 650 | 0 |
_aOperating systems (Computers) _@0000146540 |
|
| 700 | 1 |
_aRuest, Nelson. _@0000182555 |
|
| 852 | 1 | _9p4200 KES | |
| 908 | _a120829 | ||
| 950 | _@1 | ||
| 999 |
_c1271 _d1271 |
||